00941nam a2200229 a 4500001001000000003000500010005001700015008004100032010001100073011001100084040000900095100003100104245019400135260004100329500006000370502008600430650004700516650002600563650003600589856001600625856007000641000112514CHAP20220329144310.0160608s2016 mx sm |||||||spa d a108975 a109947 cCHAP1 aBautista Bautista, Leticia10aConservación de frutos de tuna roja (Opuntia ficus-indica) mediante recubrimientos de biopoliméricos de goma arábiga y cera de candelillah[En línea]cpor Leticia Bautista Bautista. aChapingo, Méx. :bEl autor,c2016. aPara ver el contenido del material haga clic en la liga aTesis (Ing. Agroindustrial ) -- UACH. Departamento de Ingeniería Agroindustrial14aBiopolímerosxAplicaciones industriales.14aTunaxAlmacenamiento.14aTunaxTecnología postcosecha. a1 n0000828 aFinding aiduhttp://10.13.5.2/tesis/sist112514.pdfzTeclea aquí